000 01787nam0a2200373 4500
001 RU\NLR\bibl\2075147
005 20240723112545.0
010 _9100
020 _aRU
_b20-25819
_9Летопись авторефератов диссертаций
021 _aRU
_b2012-19146а
_9766аа
035 _a(NLR Aleph) 002061074
090 _a4684664
_c4684664
100 _a20121119d2012 u u0rusy50 ca
101 0 _arus
102 _aRU
105 _ay dm |||||
135 _acrbn 008apadp
200 1 _aАксиологический аспект концепта "власть" в современном русском языковом сознании
_e(на материале газетных текстов первого десятилетия XXI века)
_eавтореф. дис. на соиск. учен. степ. к. филол. н.
_eспециальность 10.02.01 <Русский язык>
_fКипенко Мария Владимировна
_g[Тольят. гос. ун-т]
_gМесто защиты: Удмурт. гос. ун-т
210 _aТольятти
_d2012
215 _a20 с.
_d21
320 _aБиблиогр.: с. 19-20 (6 назв.)
325 _aКопия доступна в Электрон. б-ке РНБ
675 _a811.161.1
_v3
_zrus
686 _a16.41
_2rugasnti
686 _a81.2Рус
_2rubbk
686 _a10.02.01
_2oksvnk
700 1 _aКипенко
_bМ. В.
_gМария Владимировна
_4070
801 0 _aRU
_bRKP
_c20121119
_gPSBO
801 1 _aRU
_bRKP
_c20121119
801 2 _aRU
_bNLR
_c20130925
_grcr
901 _eАвторефераты
942 _cBOOK
981 1 0 _a(10) Авторефераты